LEADER 00953nam 2200169z- 450 001 9910712448903321 035 $a(CKB)5470000002493654 035 $a(EXLCZ)995470000002493654 100 $a20230509c2019uuuu -u- - 101 0 $aeng 200 00$aColorado River drought contingency plan : oversight hearing before the Subcommittee on Water, Oceans, and Wildlife of the Committee on Natural Resources, U.S. House of Representatives, One Hundred Sixteenth Congress, first session, Thursday, March 28, 20 210 $aWashington$cU.S. Government Publishing Office 517 $aColorado River drought contingency plan 906 $aBOOK 912 $a9910712448903321 996 $aColorado River drought contingency plan : oversight hearing before the Subcommittee on Water, Oceans, and Wildlife of the Committee on Natural Resources, U.S. House of Representatives, One Hundred Sixteenth Congress, first session, Thursday, March 28, 20$93342182 997 $aUNINA